00522nam a2200181 a 450000100060000000300090000600800410001502000180005604000280007408200160010210000200011824500660013826000300020430000100023465000200024465000460026465000300031024169CO-ViMGA141112s2004 ck r 000 u spa d a9789588294216 aCO-ViMGAbspacCO-ViMGA04a808.83 B7731 aAlarcon, Daniel10aB39 Antologia de cuento latinoAméricano / cDaniel Alarcon aColombia : bEdiciones B a413P.14aAMISTAD CUENTOS14aCUENTOS LATINOAméricaNOS - COLECCIONES 14aVIDA COTIDIANA - CUENTOS